Library of the University of Algiers 3
Ibrahim Sultan Cheibout
شعار جامعة الجزائر 3
مكتبة جامعة الجزائر 3
إبراهيم سلطان شيبوط

أضواء على المعاملات المالية في الإسلام / (رقم التسجيلة. 45083)

تفاصيل مارك
000 -LEADER
fixed length control field 01083nam a2200265Ia 4500
003 - CONTROL NUMBER IDENTIFIER
control field Ost
005 - DATE AND TIME OF LATEST TRANSACTION
control field 20260507075612.0
008 - FIXED-LENGTH DATA ELEMENTS--GENERAL INFORMATION
fixed length control field 260507s9999||||xx |||||||||||||| ||und||
020 ## - INTERNATIONAL STANDARD BOOK NUMBER
International Standard Book Number 9957400037
040 ## - CATALOGING SOURCE
Transcribing agency fsecg
041 ## - LANGUAGE CODE
Language code of text/sound track or separate title ara
082 ## - DEWEY DECIMAL CLASSIFICATION NUMBER
Classification number 330.121
100 ## - MAIN ENTRY--PERSONAL NAME
Personal name حمودة، محمود
Relator term مؤلف
245 #0 - TITLE STATEMENT
Title أضواء على المعاملات المالية في الإسلام /
Statement of responsibility, etc. محمود حمودة
250 ## - EDITION STATEMENT
Edition statement طبعة 2 (مزيدة ومنقحة)
260 ## - PUBLICATION, DISTRIBUTION, ETC.
Place of publication, distribution, etc. عمان:
Name of publisher, distributor, etc. مؤسسة الوراق للنشر والتوزيع,
Date of publication, distribution, etc. 1999
300 ## - PHYSICAL DESCRIPTION
Extent 200 صفحة؛
Other physical details إيضاحات ؛
Dimensions 24 سم
504 ## - BIBLIOGRAPHY, ETC. NOTE
Bibliography, etc. note المراجع ص.197
520 ## - SUMMARY, ETC.
Summary, etc. المعاملة المالية في الاسلام، الربا، القروض، البيع، الرهن، الضرائب في الاسلام، المعاملات الضريبية في الاسلام، التأمين
653 ## - INDEX TERM--UNCONTROLLED
Uncontrolled term الفقه الاسلامي
653 ## - INDEX TERM--UNCONTROLLED
Uncontrolled term المالية
653 ## - INDEX TERM--UNCONTROLLED
Uncontrolled term المعاملات
700 ## - ADDED ENTRY--PERSONAL NAME
Personal name حسنين، مصطفى
Relator term مؤلف ثانوي
942 ## - ADDED ENTRY ELEMENTS (KOHA)
Koha item type كتب
المقتنيات
Withdrawn status Lost status Source of classification or shelving scheme Damaged status Not for loan Home library Current library Date acquired Serial enumeration / chronology Inventory number Total checkouts Full call number Barcode Date last seen Price effective from Koha item type
    Dewey Decimal Classification   NOT LOAN / إعارة داخلية مكتبة كلية العلوم الإقتصادية والعلوم التجارية وعلوم التسيير مكتبة كلية العلوم الإقتصادية والعلوم التجارية وعلوم التسيير 07/05/2026 الطابق الأرضي 614/1   أ/614ن1 614/1 07/05/2026 07/05/2026 كتب

موارد الويب المفتوحة


© University of Algiers 3 All Rights Reserved
|
Implemented by LECHELAH Riad